[Event "7th Asia-ch"]
[Site "Subic Bay PHI"]
[Date "2009.05.14"]
[Round "2"]
[White "Toufighi, Homayoon"]
[Black "Jia Haoxiang"]
[Result "1-0"]
[WhiteElo "2478"]
[BlackElo "2344"]
[EventDate "2009.05.13"]
[PlyCount "197"]

1.e4 c5 2.Nf3 e6 3.c3 Nf6 4.e5 Nd5 5.d4 cxd4 6.cxd4 d6 7.Nc3 Nxc3 8.bxc3 
Qc7 9.Bd2 Nd7 10.exd6 Bxd6 11.Bd3 b6 12.O-O Bb7 13.Re1 O-O 14.Be4 Rac8 15.
Rc1 Nf6 16.Bxb7 Qxb7 17.Bg5 Ne4 18.Qd3 f5 19.c4 Rfe8 20.Be3 Qa6 21.Ng5 Qa3
22.Qc2 Nxg5 23.Bxg5 h6 24.Bd2 Bb4 25.Re3 Qa5 26.Re5 Qa3 27.Bf4 Qa6 28.Qe2 
Kf7 29.Qh5+ g6 30.Qe2 Bf8 31.d5 exd5 32.Re1 Qa4 33.Bxh6 Qd7 34.Bxf8 Rxe5 
35.Qxe5 Rxf8 36.Qd4 Re8 37.Rxe8 Qxe8 38.Qxd5+ Kg7 39.Qd4+ Kf7 40.h4 Qa4 
41.Qd5+ Kg7 42.Qe5+ Kf7 43.Qe2 Kf6 44.Kh2 Qb4 45.g3 Qc3 46.Kg2 Qd4 47.Qc2 
a5 48.Qc1 Qe4+ 49.Kg1 Qd4 50.a3 Kf7 51.Kg2 Qe4+ 52.Kh2 Qd4 53.Qe3 Qxc4 54.
Qxb6 a4 55.Qe3 Qb3 56.Kg2 Qd5+ 57.Qf3 Qb3 58.g4 Kg7 59.gxf5 gxf5 60.Qg3+ 
Kf7 61.h5 Qd5+ 62.Kh2 Qc6 63.Qf4 Qc5 64.Qf3 Qd6+ 65.Kh3 Kf6 66.Qe3 Qd1 67.
Qh6+ Ke5 68.Qg7+ Ke6 69.Qg6+ Ke5 70.Kh2 Qd2 71.Qg3+ Kf6 72.Qg6+ Ke5 73.Kg2
Qd5+ 74.Kg1 Qd1+ 75.Kg2 Qd5+ 76.f3 Qd2+ 77.Kh3 Qc1 78.Qg7+ Ke6 79.Qg6+ Ke5
80.Qg7+ Ke6 81.Qg2 Kf6 82.Kh2 Qf4+ 83.Kh3 Qc1 84.Qg6+ Ke5 85.Qg3+ Ke6 86.
Kh4 Qd2 87.f4 Qc1 88.Qg6+ Ke7 89.Qg7+ Ke8 90.Qe5+ Kd8 91.h6 Qh1+ 92.Kg5 
Qg2+ 93.Kf6 Qh3 94.Qd6+ Kc8 95.Qe6+ Kd8 96.Qe7+ Kc8 97.h7 Qh4+ 98.Ke6 Qe1+
99.Kf7 1-0

[Event "7th Asia-ch"]
[Site "Subic Bay PHI"]
[Date "2009.05.14"]
[Round "2"]
[White "Garma, Edgardo"]
[Black "Hou Yifan"]
[Result "0-1"]
[WhiteElo "2421"]
[BlackElo "2590"]
[EventDate "2009.05.13"]
[PlyCount "88"]

1.e4 c5 2.Nf3 e6 3.d4 cxd4 4.Nxd4 Nf6 5.Nc3 d6 6.Bg5 Nc6 7.f4 h6 8.Bh4 Qb6
9.Ndb5 a6 10.Bf2 Qa5 11.Nxd6+ Bxd6 12.Qxd6 Nxe4 13.Qd3 Nxf2 14.Kxf2 O-O 
15.Qe3 e5 16.Bd3 exf4 17.Qxf4 Ne5 18.Rhd1 Qb6+ 19.Kf1 Nxd3 20.Rxd3 Qxb2 
21.Re1 Qxc2 22.Ree3 Be6 23.Qe4 Rac8 24.Kg1 Bf5 25.Qxf5 Rxc3 26.Qd5 Qb1+ 
27.Kf2 Rxd3 28.Rxd3 Re8 29.Rd1 Qb6+ 30.Kf1 g6 31.h3 h5 32.Rd4 Qf6+ 33.Kg1 
Re1+ 34.Kh2 Qf2 35.Re4 Rxe4 36.Qxe4 Qxa2 37.Qxb7 a5 38.Kg3 a4 39.Kh4 Qf2+ 
40.Kg5 Qf5+ 41.Kh4 Qf4+ 42.g4 g5+ 43.Kxh5 Qf6 44.Qe4 Kg7 0-1

[Event "7th Asia-ch"]
[Site "Subic Bay PHI"]
[Date "2009.05.14"]
[Round "2"]
[White "Bui Vinh"]
[Black "Akshayraj, Kore"]
[Result "1-0"]
[WhiteElo "2522"]
[BlackElo "2404"]
[EventDate "2009.05.13"]
[PlyCount "161"]

1.d4 Nf6 2.Bg5 e6 3.e4 c5 4.e5 h6 5.Bc1 Nd5 6.c4 Nb6 7.dxc5 Bxc5 8.Qg4 Kf8
9.a3 d5 10.b4 Be7 11.Nf3 Nxc4 12.Bxc4 dxc4 13.Qxc4 b5 14.Qe4 Qc7 15.O-O 
Bb7 16.Qe3 a5 17.bxa5 Rxa5 18.Bb2 b4 19.Rc1 Qd7 20.Nbd2 bxa3 21.Bxa3 Bxa3 
22.Rxa3 Rxa3 23.Qxa3+ Kg8 24.Nc4 Kh7 25.Nd6 Rd8 26.h3 Bd5 27.Nd4 Nc6 28.
Nxc6 Bxc6 29.Qc5 Bd5 30.Qb6 Qe7 31.Qe3 f6 32.f4 f5 33.Kh2 Ra8 34.Rc2 Ra4 
35.Qg3 Ra1 36.Nb5 Ra2 37.Rxa2 Bxa2 38.h4 g5 39.hxg5 hxg5 40.Nc3 Bc4 41.
fxg5 Kg6 42.Qh4 Qg7 43.Qxc4 Qxe5+ 44.Kh3 Qe3+ 45.Kh2 Qe5+ 46.g3 Qe3 47.Kg2
Kxg5 48.Nd1 Qd2+ 49.Nf2 e5 50.Qg8+ Kf6 51.Qh8+ Ke6 52.Qc8+ Kf6 53.Qc6+ Kg5
54.Qf3 Qd4 55.Nh3+ Kf6 56.Nf2 Kg5 57.Qb7 Kf6 58.Qc6+ Kg7 59.Qe6 f4 60.g4 
Qe3 61.Qd7+ Kf6 62.Qc6+ Kg7 63.Qf3 Qd4 64.Qd3 Qb2 65.Kf3 Qa1 66.Qe4 Kf6 
67.Qf5+ Kg7 68.g5 Qa8+ 69.Ne4 Qa5 70.Qf6+ Kg8 71.Qd6 Qb5 72.Kg4 f3 73.Qe6+
Kf8 74.Qf6+ Kg8 75.Qxf3 Qd7+ 76.Kg3 Qd4 77.Kh4 Kg7 78.Kh5 Qd7 79.Qf6+ Kh7 
80.Qh6+ Kg8 81.Nf6+ 1-0

[Event "7th Asia-ch"]
[Site "Subic Bay PHI"]
[Date "2009.05.14"]
[Round "2"]
[White "Gonzales, Jayson"]
[Black "Elorta, David"]
[Result "1-0"]
[WhiteElo "2465"]
[BlackElo "2372"]
[EventDate "2009.05.13"]
[PlyCount "67"]

1.d4 d5 2.c4 c6 3.Nf3 Nf6 4.e3 a6 5.Bd3 b5 6.b3 Bg4 7.Nbd2 e6 8.Qc2 Nbd7 
9.Bb2 Bxf3 10.Nxf3 Bb4+ 11.Ke2 O-O 12.Rhc1 Rc8 13.Ne5 Bd6 14.f4 c5 15.Nxd7
Qxd7 16.dxc5 Bxc5 17.h3 bxc4 18.bxc4 dxc4 19.Bxc4 Qb7 20.Bxf6 Qxg2+ 21.Kd3
Qxh3 22.Qc3 Qf5+ 23.Ke2 gxf6 24.Rg1+ Kh8 25.Bxa6 Qh5+ 26.Kf2 Qh4+ 27.Kf3 
Qh5+ 28.Kf2 Qf5 29.Ke2 Bxe3 30.Qxe3 Rc2+ 31.Kf1 Rd8 32.Qg3 Qg6 33.Qh4 Qf5 
34.Qh6 1-0

[Event "7th Asia-ch"]
[Site "Subic Bay PHI"]
[Date "2009.05.14"]
[Round "2"]
[White "Wang Li"]
[Black "Gundavaa, Bayarsaihan"]
[Result "1-0"]
[WhiteElo "2401"]
[BlackElo "2461"]
[EventDate "2009.05.13"]
[PlyCount "175"]

1.e4 c5 2.Nf3 d6 3.d4 cxd4 4.Nxd4 Nf6 5.Nc3 a6 6.Be3 e6 7.Be2 Be7 8.O-O 
O-O 9.f4 Qc7 10.a4 Nc6 11.Kh1 Nxd4 12.Qxd4 e5 13.Qb6 Qxb6 14.Bxb6 exf4 15.
Rxf4 Be6 16.Rd1 Rac8 17.Bd4 Rfd8 18.Rf2 Nd7 19.Bf3 Ne5 20.Bb6 Rd7 21.Nd5 
Bd8 22.Bxd8 Rcxd8 23.b3 Bxd5 24.Rxd5 Kf8 25.Rfd2 Ke7 26.Kg1 Rc7 27.c4 Rc5 
28.Kf2 a5 29.Rd1 b6 30.R5d2 g6 31.h3 Nc6 32.Ke3 Nb4 33.Kf2 Re5 34.Re1 Kd7 
35.Ke3 Kc7 36.Kd4 Rde8 37.Rde2 Na6 38.Re3 h5 39.h4 Nc5 40.Bd1 R8e7 41.g3 
Kd7 42.Bc2 R7e6 43.Rf1 Ke7 44.Rf2 Rf6 45.Rxf6 Kxf6 46.Rf3+ Ke7 47.Rf1 Na6 
48.Rf2 Nb4 49.Bd3 Nc6+ 50.Kc3 Re6 51.Rf4 Rf6 52.Bf1 Ke6 53.Bh3+ Ke5 54.Bd7
Nb4 55.Rxf6 Kxf6 56.Kd4 Na6 57.Kd5 Ke7 58.Bc8 Nb4+ 59.Kd4 Nc6+ 60.Kd5 Nb4+
61.Kd4 Nc2+ 62.Kd3 Ne1+ 63.Ke2 Kd8 64.Bb7 Nc2 65.Kd3 Nb4+ 66.Kd4 f6 67.Bd5
Ke7 68.Bb7 g5 69.Bc8 g4 70.Bf5 Kf7 71.Bc8 Nc6+ 72.Ke3 Nb4 73.Kd4 Na2 74.
Kd5 Nc3+ 75.Kxd6 Nxe4+ 76.Kc6 Nxg3 77.Kxb6 Ne4 78.c5 g3 79.Bh3 f5 80.c6 
Ke7 81.c7 Nd6 82.Kxa5 f4 83.Bg2 Kf6 84.Kb6 Ke5 85.a5 Kd4 86.a6 Ke3 87.a7 
Nc8+ 88.Kb7 1-0

[Event "7th Asia-ch"]
[Site "Subic Bay PHI"]
[Date "2009.05.14"]
[Round "2"]
[White "Nguyen Thanh Son"]
[Black "Pascua, Haridas"]
[Result "1/2-1/2"]
[WhiteElo "2362"]
[BlackElo "2359"]
[EventDate "2009.05.13"]
[PlyCount "88"]

1.Nf3 c5 2.g3 Nc6 3.Bg2 g6 4.O-O Bg7 5.c3 e5 6.e4 Nge7 7.d3 O-O 8.Be3 b6 
9.d4 exd4 10.cxd4 d5 11.exd5 Nxd5 12.Bg5 Qd6 13.Nc3 Nxc3 14.bxc3 Bb7 15.
Bf4 Qf6 16.Ne5 Rfd8 17.Qa4 Na5 18.Bxb7 Nxb7 19.Nc6 Re8 20.Rae1 cxd4 21.
cxd4 a6 22.Rxe8+ Rxe8 23.Nb8 b5 24.Qxa6 Qxa6 25.Nxa6 Ra8 26.Nc7 Rxa2 27.
Nxb5 Rb2 28.Rc1 h5 29.Rc8+ Kh7 30.Nc3 Bxd4 31.Ne4 Re2 32.Ng5+ Kg7 33.Nf3 
Bf6 34.Rb8 Nc5 35.Be3 Ne6 36.h3 Rb2 37.Rc8 Rb4 38.Kg2 Nd4 39.Nd2 Ne6 40.
Nc4 Bd4 41.Bd2 Rb7 42.Nd6 Rb2 43.Be1 Rb1 44.Bd2 Rb2 1/2-1/2

[Event "7th Asia-ch"]
[Site "Subic Bay PHI"]
[Date "2009.05.14"]
[Round "2"]
[White "Bancod, Ronald"]
[Black "Wang Rui"]
[Result "1/2-1/2"]
[WhiteElo "2356"]
[BlackElo "2434"]
[EventDate "2009.05.13"]
[PlyCount "101"]

1.d4 Nf6 2.c4 g6 3.Nf3 Bg7 4.Nc3 O-O 5.Bg5 d6 6.e3 Nbd7 7.Qc2 h6 8.Bh4 g5 
9.Bg3 Nh5 10.Bd3 e6 11.Rd1 Qe7 12.b4 f5 13.O-O a6 14.c5 Nxg3 15.hxg3 d5 
16.b5 g4 17.Nh4 Qg5 18.bxa6 bxa6 19.Ne2 Nf6 20.Nf4 Rf7 21.Rb1 Nh5 22.Nhg6 
Nxf4 23.Nxf4 c6 24.Rb6 Rc7 25.Rfb1 Kf7 26.Qa4 Bd7 27.Rxa6 Rac8 28.Ra7 e5 
29.Rxc7 Rxc7 30.Qa5 Rc8 31.dxe5 Bxe5 32.Rb7 Ke8 33.Qa7 Rd8 34.a4 d4 35.
Rxd7 Rxd7 36.Qa8+ Ke7 37.Qxc6 Bxf4 38.exf4 Qf6 39.Qb5 Rc7 40.Qb4 Kf7 41.
Bb5 Qe7 42.Qc4+ Kf8 43.c6 Qd6 44.Qd3 Qc5 45.a5 Re7 46.a6 Re1+ 47.Kh2 Qc1 
48.Qxf5+ Ke7 49.Qd7+ Kf8 50.Qf5+ Ke7 51.Qd7+ 1/2-1/2

[Event "7th Asia-ch"]
[Site "Subic Bay PHI"]
[Date "2009.05.14"]
[Round "2"]
[White "Nguyen Hoang Nam"]
[Black "Hafizulhelmi, Mas"]
[Result "1/2-1/2"]
[WhiteElo "2281"]
[BlackElo "2421"]
[EventDate "2009.05.13"]
[PlyCount "66"]

1.e4 c5 2.Nf3 d6 3.d4 cxd4 4.Nxd4 Nf6 5.Nc3 a6 6.Be2 e5 7.Nb3 Be6 8.f4 Qc7
9.g4 b5 10.a3 h6 11.g5 hxg5 12.fxg5 Nfd7 13.Bg4 Rh4 14.Bxe6 fxe6 15.Be3 
Rh3 16.Bf2 Be7 17.Qg4 Rxc3 18.bxc3 Qxc3+ 19.Kd1 Nc6 20.h4 Nc5 21.Rh3 Qb2 
22.Bxc5 dxc5 23.Qxe6 Rd8+ 24.Ke2 Qxc2+ 25.Kf1 Rd1+ 26.Rxd1 Qxd1+ 27.Kf2 
Qc2+ 28.Ke1 Qxe4+ 29.Kd1 Qb1+ 30.Kd2 Qb2+ 31.Kd1 Qb1+ 32.Kd2 Qb2+ 33.Kd1 
Qb1+ 1/2-1/2

[Event "7th Asia-ch"]
[Site "Subic Bay PHI"]
[Date "2009.05.14"]
[Round "2"]
[White "Filippov, Anton"]
[Black "Khamrakulov, Dzhurabek"]
[Result "1/2-1/2"]
[WhiteElo "2584"]
[BlackElo "2524"]
[EventDate "2009.05.13"]
[PlyCount "32"]

1.Nf3 b6 2.d4 Bb7 3.Bf4 Nf6 4.h3 e6 5.e3 Be7 6.Be2 O-O 7.O-O d6 8.Nbd2 
Nbd7 9.Bh2 Re8 10.a4 a5 11.c3 Bf8 12.Nc4 Ne4 13.Ncd2 Nef6 14.Nc4 Ne4 15.
Ncd2 Nef6 16.Nc4 Ne4 1/2-1/2

[Event "7th Asia-ch"]
[Site "Subic Bay PHI"]
[Date "2009.05.14"]
[Round "2"]
[White "Iuldachev, Saidali"]
[Black "Pak, Evgeny"]
[Result "1-0"]
[WhiteElo "2497"]
[BlackElo "2328"]
[EventDate "2009.05.13"]
[PlyCount "91"]

1.e4 c5 2.Nf3 Nc6 3.d4 cxd4 4.Nxd4 Nf6 5.Nc3 d6 6.Be2 e5 7.Nf3 h6 8.O-O 
Be7 9.Re1 O-O 10.h3 Be6 11.Bf1 a6 12.Nd5 b5 13.c3 Na5 14.Nxe7+ Qxe7 15.b3 
Rfd8 16.Qe2 Qc7 17.Bd2 Nb7 18.Nh2 Nc5 19.f3 h5 20.Bg5 Ncd7 21.Rac1 Re8 22.
Qf2 Rac8 23.Red1 Qb8 24.Be2 Rc6 25.Nf1 Rec8 26.c4 bxc4 27.bxc4 Nh7 28.Rb1 
Qc7 29.Bd2 Nhf8 30.Ne3 Rb8 31.h4 Rxb1 32.Rxb1 Rb6 33.Qe1 Qc5 34.Rb3 a5 35.
Qc1 a4 36.Rxb6 Nxb6 37.g3 a3 38.Kg2 Nfd7 39.Nd5 Bxd5 40.cxd5 Qd4 41.Qc3 
Na4 42.Qxd4 exd4 43.Bb5 Nc3 44.Bxd7 Nxa2 45.Ba4 Nc3 46.Bb3 1-0

[Event "7th Asia-ch"]
[Site "Subic Bay PHI"]
[Date "2009.05.15"]
[Round "3"]
[White "Ganguly, Surya Shekhar"]
[Black "Djao Thien Hai"]
[Result "1/2-1/2"]
[WhiteElo "2625"]
[BlackElo "2546"]
[EventDate "2009.05.13"]
[PlyCount "131"]

1.e4 c6 2.d4 d5 3.Nd2 dxe4 4.Nxe4 Bf5 5.Ng3 Bg6 6.h4 h6 7.Nf3 Nd7 8.h5 Bh7
9.Bd3 Bxd3 10.Qxd3 e6 11.Bf4 Ngf6 12.O-O-O Be7 13.Kb1 O-O 14.Ne4 Nxe4 15.
Qxe4 Nf6 16.Qe2 Qd5 17.Ne5 Qe4 18.Qxe4 Nxe4 19.Rhe1 Nf6 20.g4 Rfd8 21.c4 
Rac8 22.Kc2 Nd7 23.b3 Nxe5 24.dxe5 Rxd1 25.Rxd1 Rd8 26.Rxd8+ Bxd8 27.Be3 
a6 28.Kd3 Be7 29.Ke4 Kf8 30.f3 Ke8 31.f4 g6 32.f5 exf5+ 33.gxf5 gxh5 34.
Bxh6 Bh4 35.Kf4 Be1 36.Kg5 h4 37.Kg4 Kd7 38.Bg5 Bg3 39.Bf4 Be1 40.Bg5 Bg3 
41.Bf6 Ke8 42.Bxh4 Bxe5 43.Bg3 Bf6 44.Kf4 Kd7 45.Ke4 Bc3 46.Be5 Bb4 47.Kd4
Ba3 48.Bf4 Bb4 49.Be3 Bd6 50.Ke4 Bb4 51.Bd4 Bd6 52.Bc3 Bc5 53.Ke5 Ke7 54.
Ba5 Bd6+ 55.Ke4 Kd7 56.a4 Bc5 57.Bd2 Bd6 58.Be1 Bc5 59.Ke5 Ke7 60.b4 Bd6+ 
61.Ke4 Kd7 62.b5 axb5 63.cxb5 cxb5 64.axb5 Be7 65.Ke5 Bd6+ 66.Kd5 1/2-1/2

[Event "7th Asia-ch"]
[Site "Subic Bay PHI"]
[Date "2009.05.15"]
[Round "3"]
[White "Gomez, John Paul"]
[Black "Gupta, Abhijeet"]
[Result "1/2-1/2"]
[WhiteElo "2538"]
[BlackElo "2570"]
[EventDate "2009.05.13"]
[PlyCount "62"]

1.d4 Nf6 2.c4 g6 3.g3 c6 4.Bg2 d5 5.cxd5 cxd5 6.Nf3 Bg7 7.O-O O-O 8.Ne5 e6
9.Nc3 Nfd7 10.Nxd7 Qxd7 11.b3 Nc6 12.e3 b6 13.Ba3 Rd8 14.Qd2 Ba6 15.Rfc1 
Rac8 16.Rc2 Rc7 17.Rac1 Rdc8 18.Bf1 Bxf1 19.Kxf1 Nb8 20.Kg2 Rc6 21.Ne2 
Rxc2 22.Rxc2 Rxc2 23.Qxc2 Bf8 24.Bxf8 Kxf8 25.Kf1 Qc6 26.Qc3 Ke8 27.Ke1 
Qxc3+ 28.Nxc3 Nc6 29.Kd2 Kd7 30.Kd3 Nb4+ 31.Kd2 Nc6 1/2-1/2

[Event "7th Asia-ch"]
[Site "Subic Bay PHI"]
[Date "2009.05.15"]
[Round "3"]
[White "Sandipan, Chanda"]
[Black "Moradiabadi, Elshan"]
[Result "1-0"]
[WhiteElo "2558"]
[BlackElo "2526"]
[EventDate "2009.05.13"]
[PlyCount "69"]

1.e4 e5 2.Nf3 Nc6 3.Nc3 Nf6 4.Bb5 Nd4 5.O-O Nxb5 6.Nxb5 c6 7.Nc3 d6 8.d4 
Qc7 9.Bg5 Be7 10.h3 h6 11.Bh4 O-O 12.Qd3 Nh5 13.Bxe7 Nf4 14.Bxd6 Qxd6 15.
dxe5 Qxd3 16.cxd3 Nxd3 17.b3 b6 18.Rfd1 Ba6 19.Rd2 Rfe8 20.Rad1 Nxe5 21.
Nxe5 Rxe5 22.f4 Re7 23.Rd8+ Rxd8 24.Rxd8+ Kh7 25.Rd6 c5 26.e5 Bc8 27.Kf2 
g5 28.Nd5 Re6 29.Rd8 Bb7 30.Nf6+ Kg6 31.g4 Rxf6 32.exf6 gxf4 33.Rd7 Bc8 
34.Rxa7 Kxf6 35.Kf3 1-0

[Event "7th Asia-ch"]
[Site "Subic Bay PHI"]
[Date "2009.05.15"]
[Round "3"]
[White "Yu Shaoteng"]
[Black "Le Quang Liem"]
[Result "0-1"]
[WhiteElo "2504"]
[BlackElo "2591"]
[EventDate "2009.05.13"]
[PlyCount "80"]

1.e4 c5 2.Nf3 d6 3.d4 cxd4 4.Nxd4 Nf6 5.Nc3 g6 6.Be3 Bg7 7.f3 O-O 8.Qd2 
Nc6 9.Bc4 Bd7 10.O-O-O Ne5 11.Bb3 Rc8 12.Kb1 b5 13.Ndxb5 a6 14.Nd4 Nc4 15.
Bxc4 Rxc4 16.h4 Qb8 17.Nde2 Rfc8 18.Bd4 h5 19.Rc1 Rb4 20.b3 Rxd4 21.Nxd4 
Qb4 22.Nde2 Ne8 23.e5 Qa5 24.Ne4 Qxe5 25.c3 Bf5 26.Kb2 Bxe4 27.fxe4 Qxe4 
28.g3 Nf6 29.Rhd1 Qb7 30.Qd3 d5 31.Kb1 e6 32.c4 Ng4 33.cxd5 Nf2 34.Qf3 
Nxd1 35.Rxd1 a5 36.Qh1 Qb5 37.Qf3 a4 38.Qd3 Qa5 39.Qd2 Qb6 40.Qd3 axb3 0-1

[Event "7th Asia-ch"]
[Site "Subic Bay PHI"]
[Date "2009.05.15"]
[Round "3"]
[White "Irwanto, Sadikin"]
[Black "Torre, Eugenio"]
[Result "1/2-1/2"]
[WhiteElo "2447"]
[BlackElo "2561"]
[EventDate "2009.05.13"]
[PlyCount "117"]

1.d4 Nf6 2.Nf3 e6 3.c4 Bb4+ 4.Nbd2 O-O 5.g3 d5 6.Qc2 c5 7.dxc5 Bxc5 8.Bg2 
Qc7 9.O-O b5 10.Ne1 bxc4 11.Nxc4 Ba6 12.Bf4 Qe7 13.Ne5 Rc8 14.Qd1 Nc6 15.
N1d3 Bb6 16.Nxc6 Rxc6 17.a3 Bxd3 18.Qxd3 Rac8 19.Rac1 Rxc1 20.Rxc1 Rxc1+ 
21.Bxc1 Bxf2+ 22.Kh1 Bb6 23.Qc2 h6 24.b4 Qd6 25.Qc8+ Kh7 26.Bf4 Qe7 27.Bf3
Ne4 28.Qc6 f5 29.Kg2 Ng5 30.Bxg5 hxg5 31.g4 fxg4 32.Bxg4 Qf6 33.e3 Bxe3 
34.Qc2+ Kh6 35.Qe2 Qe5 36.Qc2 Bf4 37.h3 Qe3 38.Qc8 Qg3+ 39.Kf1 Qd3+ 40.Kg2
Qd2+ 41.Kf1 Qd3+ 42.Kg2 e5 43.Qe6+ g6 44.Qg8 Qd2+ 45.Kf1 Qc1+ 46.Kg2 Qb2+ 
47.Kf1 e4 48.Qf8+ Qg7 49.Qxg7+ Kxg7 50.Be6 d4 51.Bd5 e3 52.Ke2 Kf6 53.Kd3 
g4 54.hxg4 Bd6 55.Bf3 Ke5 56.Be2 g5 57.Bd1 Bc7 58.Be2 Bb6 59.Bd1 1/2-1/2

[Event "7th Asia-ch"]
[Site "Subic Bay PHI"]
[Date "2009.05.15"]
[Round "3"]
[White "Paragua, Mark"]
[Black "Bitoon, Richard"]
[Result "0-1"]
[WhiteElo "2529"]
[BlackElo "2479"]
[EventDate "2009.05.13"]
[PlyCount "80"]

1.e4 c5 2.Nf3 e6 3.d4 cxd4 4.Nxd4 Nf6 5.Nc3 d6 6.Be2 a6 7.O-O b5 8.Bf3 Ra7
9.a3 Be7 10.Be3 Rc7 11.g4 Bb7 12.g5 Nfd7 13.Bg2 Nc6 14.Nxc6 Bxc6 15.f4 e5 
16.Qh5 exf4 17.Bxf4 g6 18.Qf3 O-O 19.Rad1 Nc5 20.h4 Ne6 21.Be3 Qb8 22.Qg4 
b4 23.axb4 Qxb4 24.h5 Qxb2 25.Nd5 Bxd5 26.exd5 Qe5 27.Rde1 gxh5 28.Qxh5 
Ng7 29.Qg4 Rxc2 30.Kh1 f5 31.Qa4 Qc3 32.Qd7 Qc7 33.Qxc7 Rxc7 34.Ra1 Nh5 
35.Kh2 f4 36.Bd4 Rc2 37.Rf3 Bxg5 38.Rxa6 Bf6 39.Bf2 Be5 40.Kh3 Kh8 0-1

[Event "7th Asia-ch"]
[Site "Subic Bay PHI"]
[Date "2009.05.15"]
[Round "3"]
[White "Rahman, Ziaur"]
[Black "Toufighi, Homayoon"]
[Result "1-0"]
[WhiteElo "2523"]
[BlackElo "2478"]
[EventDate "2009.05.13"]
[PlyCount "75"]

1.Nf3 Nf6 2.c4 e6 3.g3 Be7 4.Bg2 O-O 5.O-O d5 6.d4 dxc4 7.Qc2 a6 8.a4 Bd7 
9.Qxc4 Bc6 10.Bf4 a5 11.Nc3 Ra6 12.Nb5 Nd5 13.Bd2 Nd7 14.b3 Bb4 15.e4 Bxd2
16.Nxd2 Nb4 17.Qc3 Nf6 18.Rfe1 Qd7 19.Nc4 Bxb5 20.Ne5 Rc6 21.Qxb4 axb4 22.
Nxd7 Nxd7 23.axb5 Rc3 24.Rec1 Rd8 25.Rxc3 bxc3 26.Rc1 Nf6 27.Rxc3 Rxd4 28.
Rxc7 Rd1+ 29.Bf1 g5 30.Rxb7 Nxe4 31.b6 Nd2 32.Rb8+ Kg7 33.b7 Rxf1+ 34.Kg2 
Rb1 35.Rg8+ Kxg8 36.b8=Q+ Kg7 37.b4 Nc4 38.Qb5 1-0

[Event "7th Asia-ch"]
[Site "Subic Bay PHI"]
[Date "2009.05.15"]
[Round "3"]
[White "Tu Hoang Thong"]
[Black "Novita, Anjas"]
[Result "1-0"]
[WhiteElo "2506"]
[BlackElo "2345"]
[EventDate "2009.05.13"]
[PlyCount "95"]

1.d4 d5 2.Nf3 Nf6 3.c4 c6 4.Nbd2 Bf5 5.g3 h6 6.Bg2 e6 7.O-O Nbd7 8.b3 Bd6 
9.Bb2 O-O 10.Re1 Bh7 11.Ne5 Bxe5 12.dxe5 Ng4 13.Nf3 Qb6 14.e3 Be4 15.Nd2 
Bf5 16.cxd5 exd5 17.Bd4 c5 18.Bc3 Ndxe5 19.Bxd5 Rad8 20.Nc4 Qc7 21.e4 Be6 
22.Nxe5 Nxe5 23.Qh5 Nd3 24.Red1 Nb4 25.Bxe6 fxe6 26.a3 Nd3 27.Rd2 c4 28.b4
Qb6 29.Rf1 Rd7 30.Re2 Rdf7 31.Qa5 Qc6 32.f4 b6 33.Qh5 Qa4 34.Qg6 e5 35.Qe6
b5 36.Bxe5 Qxa3 37.Bd6 Rd8 38.e5 c3 39.Qd5 Nc1 40.Ree1 Qb3 41.Qxb5 Na2 42.
e6 Rf6 43.e7 Rfxd6 44.e8=Q+ Rxe8 45.Rxe8+ Kf7 46.Rfe1 Qd5 47.Rf8+ Kg6 48.
Qe8+ 1-0

[Event "7th Asia-ch"]
[Site "Subic Bay PHI"]
[Date "2009.05.15"]
[Round "3"]
[White "Gao Rui"]
[Black "Al-Huwar, Jasem"]
[Result "1/2-1/2"]
[WhiteElo "2500"]
[BlackElo "2293"]
[EventDate "2009.05.13"]
[PlyCount "86"]

1.e4 e6 2.d4 d5 3.Nc3 dxe4 4.Nxe4 Nd7 5.Nf3 Ngf6 6.Nxf6+ Nxf6 7.Bg5 h6 8.
Be3 Nd5 9.Bd3 Bd6 10.Bd2 c5 11.dxc5 Bxc5 12.O-O O-O 13.Qe2 Qc7 14.Ne5 b6 
15.Rae1 Bb7 16.Qh5 f5 17.c4 Nf6 18.Qg6 Ne4 19.Qxe6+ Kh7 20.Bf4 Bd6 21.Bxe4
Bxe4 22.Qg6+ Kg8 23.Qe6+ Kh7 24.Qg6+ Kg8 25.f3 Bxe5 26.Qe6+ Qf7 27.Qxf7+ 
Rxf7 28.Bxe5 Bd3 29.Rf2 Bxc4 30.b3 Bb5 31.Rc2 Re8 32.a4 Ba6 33.b4 Rfe7 34.
f4 Bd3 35.Rd2 Be4 36.Red1 Rc8 37.Rd8+ Rxd8 38.Rxd8+ Kf7 39.Kf2 g5 40.h3 
Bc2 41.a5 gxf4 42.Bxf4 h5 43.Rh8 Re4 1/2-1/2

[Event "7th Asia-ch"]
[Site "Subic Bay PHI"]
[Date "2009.05.15"]
[Round "3"]
[White "Zhou Jianchao"]
[Black "Gonzales, Jayson"]
[Result "0-1"]
[WhiteElo "2635"]
[BlackElo "2465"]
[EventDate "2009.05.13"]
[PlyCount "90"]

1.d4 d6 2.Nf3 Bg4 3.e4 Nf6 4.Nc3 e6 5.h3 Bh5 6.Qe2 c6 7.g4 Bg6 8.h4 h5 9.
g5 Nfd7 10.Nd2 Be7 11.f4 d5 12.Bh3 dxe4 13.Ndxe4 Nb6 14.Be3 Nd5 15.O-O 
Nxc3 16.Nxc3 Qc7 17.Rad1 Na6 18.d5 cxd5 19.Nxd5 exd5 20.Rxd5 O-O 21.Rd7 
Qc8 22.Qf3 Bc5 23.Rxf7 Qc6 24.Rxf8+ Rxf8 25.Bxc5 Qxc5+ 26.Rf2 Bf5 27.Bg2 
Nb4 28.a3 Nxc2 29.Qxh5 g6 30.Qe2 Ne3 31.Bf3 Rd8 32.b4 Qc1+ 33.Kh2 Bd3 34.
Qb2 Qxb2 35.Rxb2 b5 36.h5 Rd4 37.Rb3 gxh5 38.Bxh5 Nd5 39.Be8 Nxf4 40.a4 
Bc2 41.Rc3 Rc4 42.Ra3 Bxa4 43.Kg3 Kf8 44.Bd7 Rxb4 45.Rf3 Ke7 0-1

[Event "7th Asia-ch"]
[Site "Subic Bay PHI"]
[Date "2009.05.15"]
[Round "3"]
[White "Ding Liren"]
[Black "Ghaem Maghami, Ehsan"]
[Result "1/2-1/2"]
[WhiteElo "2458"]
[BlackElo "2593"]
[EventDate "2009.05.13"]
[PlyCount "145"]

1.d4 Nf6 2.Nf3 e6 3.c4 b6 4.g3 Ba6 5.Qc2 Bb7 6.Bg2 c5 7.d5 exd5 8.cxd5 
Nxd5 9.O-O Nc6 10.Nh4 Nc7 11.Qe4+ Qe7 12.Qxe7+ Bxe7 13.Nf5 Bf8 14.Nc3 
O-O-O 15.Rd1 d5 16.Bh3 Ne6 17.Rxd5 g6 18.Nh6 Bxh6 19.Bxh6 Rxd5 20.Nxd5 Nd4
21.Nf4 f5 22.Nxe6 Nxe6 23.Rd1 Nd4 24.Rd2 Re8 25.Be3 a5 26.g4 fxg4 27.Bxg4+
Kb8 28.Kf1 Re4 29.Bxd4 Rxd4 30.Rxd4 cxd4 31.e3 dxe3 32.fxe3 Kc7 33.Kf2 Kd6
34.Be2 Ke5 35.a3 h6 36.h4 Bd5 37.Bd3 Be4 38.Ba6 Bc2 39.Bb7 Kf6 40.Kg3 g5 
41.Bf3 Bf5 42.Bd1 Ke6 43.hxg5 hxg5 44.Bb3+ Ke5 45.Kf3 Kd6 46.Ba2 Ke5 47.
Bb3 Bd7 48.Bc2 Bc6+ 49.Kg4 Be4 50.Ba4 Kf6 51.Bb3 Bb1 52.Ba4 Bd3 53.Bd1 Bc4
54.Bc2 Be2+ 55.Kg3 Ke5 56.Kf2 Bg4 57.Bb3 Kd6 58.Kg3 Bh5 59.Bc4 Kc5 60.Be6 
a4 61.Bg4 Bxg4 62.Kxg4 Kd5 63.Kf5 g4 64.Kf4 b5 65.e4+ Kd4 66.e5 g3 67.Kxg3
Kxe5 68.Kf3 Kd4 69.Ke2 Kc4 70.Kd2 Kb3 71.Kc1 b4 72.axb4 Kxb4 73.Kb1 
1/2-1/2

[Event "7th Asia-ch"]
[Site "Subic Bay PHI"]
[Date "2009.05.15"]
[Round "3"]
[White "Zhou Weiqi"]
[Black "Murshed, Niaz"]
[Result "1-0"]
[WhiteElo "2563"]
[BlackElo "2407"]
[EventDate "2009.05.13"]
[PlyCount "111"]

1.d4 Nf6 2.c4 c6 3.Nc3 d5 4.e3 Bg4 5.Nf3 e6 6.Qb3 Qb6 7.Nh4 Be7 8.h3 Bh5 
9.g4 Bg6 10.Nxg6 hxg6 11.Bg2 Na6 12.Bd2 O-O 13.O-O dxc4 14.Qxc4 Qxb2 15.
Qe2 Qb6 16.Rab1 Qc7 17.Rfc1 Qd7 18.e4 Rac8 19.Be3 Ba3 20.Rc2 Bb4 21.g5 Ne8
22.a4 Nd6 23.Na2 Ba5 24.Nc1 b5 25.axb5 cxb5 26.Ra2 Nc4 27.Nb3 Nb4 28.Rxa5 
Nxa5 29.Nxa5 Nc2 30.d5 Nxe3 31.Qxe3 exd5 32.exd5 Rfe8 33.Qf4 Rc5 34.d6 a6 
35.Rd1 b4 36.Nb3 Rce5 37.Qxb4 Rxg5 38.Qf4 Rge5 39.Rd5 Rxd5 40.Bxd5 g5 41.
Nc5 gxf4 42.Nxd7 Re1+ 43.Kg2 Rd1 44.Nb6 Kf8 45.Kf3 Rd4 46.Kg4 a5 47.Kf5 a4
48.Ke5 Rb4 49.Nc8 Ke8 50.Bxf7+ Kd8 51.Na7 Rb2 52.Nc6+ Kd7 53.Nd4 Rb7 54.
Be6+ Kd8 55.Nc6+ Ke8 56.Bc8 1-0

[Event "7th Asia-ch"]
[Site "Subic Bay PHI"]
[Date "2009.05.15"]
[Round "3"]
[White "Megaranto, Susanto"]
[Black "Dimakiling, Oliver"]
[Result "0-1"]
[WhiteElo "2553"]
[BlackElo "2426"]
[EventDate "2009.05.13"]
[PlyCount "66"]

1.d4 Nf6 2.Nf3 e6 3.Bg5 c5 4.e3 h6 5.Bf4 Nc6 6.c3 Nh5 7.Bg3 Be7 8.Nbd2 O-O
9.Bd3 cxd4 10.cxd4 b6 11.a3 Bb7 12.O-O f5 13.Re1 Nxg3 14.hxg3 d5 15.Rc1 
Bf6 16.Qe2 a6 17.Rc2 Qd6 18.Rec1 Rf7 19.Nh2 g5 20.f4 g4 21.Nxg4 fxg4 22.
Qxg4+ Rg7 23.Qh3 Bxd4 24.exd4 Nxd4 25.Re1 Nxc2 26.Rxe6 Qc5+ 27.Kh1 Ne3 28.
Qh5 d4 29.Re5 Qc1+ 30.Nf1 Bxg2+ 31.Kg1 Bc6 32.Qh3 Bd7 33.f5 Rf8 0-1

[Event "7th Asia-ch"]
[Site "Subic Bay PHI"]
[Date "2009.05.15"]
[Round "3"]
[White "Sadorra, Julio Catalino"]
[Black "Bui Vinh"]
[Result "1/2-1/2"]
[WhiteElo "2451"]
[BlackElo "2522"]
[EventDate "2009.05.13"]
[PlyCount "120"]

1.Nf3 d5 2.d4 c6 3.c4 Nf6 4.Nc3 e6 5.Bg5 Be7 6.e3 Nbd7 7.Rc1 O-O 8.Bd3 h6 
9.Bh4 dxc4 10.Bxc4 b5 11.Bd3 a6 12.a4 bxa4 13.Nxa4 Qa5+ 14.Nd2 Bb4 15.Nc3 
c5 16.Nb3 Qc7 17.dxc5 Bb7 18.Bxf6 Nxf6 19.O-O Qc6 20.Qf3 Qxf3 21.gxf3 Bxf3
22.Nd4 Bg4 23.Ne4 Nd5 24.Bc4 Rfc8 25.Kh1 Kf8 26.Rg1 Bh5 27.Bb3 Rab8 28.Rg3
Nf6 29.Nxf6 gxf6 30.c6 Bd6 31.Rh3 Bg4 32.Rh4 f5 33.h3 Bf3+ 34.Nxf3 Rxb3 
35.Rc2 Rb6 36.Rhc4 Ke7 37.Kg2 Rc7 38.Kf1 Rc8 39.Ke2 Kd8 40.Ne1 Rb4 41.Nd3 
Rxc4 42.Rxc4 Kc7 43.Kd2 Rb8 44.Rh4 Bf8 45.Rd4 Bd6 46.Rh4 Bf8 47.Rd4 Rd8 
48.Rxd8 Kxd8 49.Ne5 Kc7 50.Nxf7 Bg7 51.b3 Kxc6 52.Kd3 Kd7 53.f4 Ke7 54.Ne5
Bxe5 55.fxe5 Kd7 56.Kc4 Kc6 57.b4 Kb6 58.Kc3 Kc7 59.Kd4 Kc6 60.Kc4 Kb6 
1/2-1/2